[Event "Unterfranken-ch M2 52th"]
[Site "Massbach"]
[Date "2001.??.??"]
[Round "?"]
[White "Federschmidt, Ralf"]
[Black "Oster, Stefan"]
[Result "1-0"]
[WhiteElo "1814"]
[BlackElo "1640"]
[PlyCount "71"]
[EventDate "2001.04.16"]
[EventType "swiss"]
[EventRounds "9"]
[EventCountry "GER"]
[SourceTitle "EXT 2015"]
[Source "ChessBase"]
[SourceDate "2014.11.20"]
[SourceVersion "1"]
[SourceVersionDate "2014.11.20"]
[SourceQuality "1"]

1. f4 f5 2. e4 d6 3. e5 e6 4. Nf3 Nc6 5. d4 dxe5 6. fxe5 Nge7 7. c4 Ng6 8. Nc3 Bb4 9. Be2 Nh4 10. a3 Be7 11. Nxh4 Bxh4+ 12. g3 Bg5 13. Bxg5 Qxg5 14. Qd3 0-0 15. h4 Qe7 16. Bf3 Nd8 17. 0-0-0 Nf7 18. Qe3 Rb8 19. Rhg1 a6 20. g4 b5 21. cxb5 axb5 22. b4 Bb7 23. g5 Bxf3 24. Qxf3 Ra8 25. Kb2 Rfb8 26. g6 Nh6 27. Rg3 Qxh4 28. gxh7+ Kh8 29. Ne2 Ra7 30. Nf4 Rba8 31. Ng6+ Kxh7 32. Nxh4 g5 33. Rxg5 Rxa3 34. Qxa3 Rxa3 35. Kxa3 Ng4 36. Nf3 1-0

[Event "Unterfranken-ch M2 52th"]
[Site "Massbach"]
[Date "2001.??.??"]
[Round "?"]
[White "Kuhn, Christian"]
[Black "Oster, Stefan"]
[Result "1/2-1/2"]
[WhiteElo "1784"]
[BlackElo "1640"]
[PlyCount "58"]
[EventDate "2001.04.16"]
[EventType "swiss"]
[EventRounds "9"]
[EventCountry "GER"]
[SourceTitle "EXT 2015"]
[Source "ChessBase"]
[SourceDate "2014.11.20"]
[SourceVersion "1"]
[SourceVersionDate "2014.11.20"]
[SourceQuality "1"]

1. c4 e6 2. Nc3 f5 3. g3 Nf6 4. Bg2 Be7 5. d3 d6 6. e4 fxe4 7. Nxe4 Nbd7 8. Ne2 Nxe4 9. dxe4 e5 10. f4 Nf6 11. 0-0 0-0 12. b3 Bg4 13. h3 Bxe2 14. Qxe2 Qe8 15. Bb2 Nh5 16. Qg4 Nf6 17. Qe6+ Qf7 18. Qxf7+ Rxf7 19. fxe5 dxe5 20. Bxe5 Bc5+ 21. Kh2 Re8 22. Bxf6 gxf6 23. Rad1 Kg7 24. Rf5 Re5 25. Rd5 Rfe7 26. Rfxe5 Rxe5 27. Rd7+ Re7 28. Rxe7+ Bxe7 29. e5 b6 1/2-1/2

[Event "Unterfranken-ch M2 52th"]
[Site "Massbach"]
[Date "2001.??.??"]
[Round "?"]
[White "Steinhauser, Thomas"]
[Black "Oster, Stefan"]
[Result "1/2-1/2"]
[WhiteElo "1739"]
[BlackElo "1640"]
[PlyCount "94"]
[EventDate "2001.04.16"]
[EventType "swiss"]
[EventRounds "9"]
[EventCountry "GER"]
[SourceTitle "EXT 2015"]
[Source "ChessBase"]
[SourceDate "2014.11.20"]
[SourceVersion "1"]
[SourceVersionDate "2014.11.20"]
[SourceQuality "1"]

1. e4 e6 2. d4 d5 3. Nd2 c5 4. exd5 Qxd5 5. dxc5 Bxc5 6. Ngf3 Nf6 7. Bd3 Nc6 8. Nb3 Bb6 9. 0-0 Nb4 10. Bg5 Nxd3 11. cxd3 Bd7 12. Rc1 Ng4 13. d4 Bc6 14. Re1 Bc7 15. Bh4 Nxh2 16. Rc5 Nxf3+ 17. gxf3 Qd7 18. d5 Ba4 19. dxe6 fxe6 20. Rxc7 Qxc7 21. Rxe6+ Kf8 22. Be7+ Kf7 23. Qd5 Bxb3 24. Qxb3 Qc1+ 25. Kg2 Rhc8 26. Rc6+ Kxe7 27. Qe6+ Kf8 28. Rxc1 Rxc1 29. Qf5+ Kg8 30. Qd5+ Kf8 31. Qxb7 Re8 32. Qxa7 Ree1 33. f4 Rg1+ 34. Kf3 h5 35. Qb8+ Kf7 36. Qb7+ Kf8 37. Qd5 Rh1 38. Qf5+ Kg8 39. a4 h4 40. a5 h3 41. a6 h2 42. a7 Ra1 43. Qd5+ Kh7 44. a8Q Rxa8 45. Qxa8 Rg1 46. Qe4+ g6 47. Qe7+ Kg8 1/2-1/2

[Event "Unterfranken-ch HB 51th"]
[Site "Sailauf"]
[Date "2000.04.27"]
[Round "5"]
[White "Oster, Stefan"]
[Black "Dittmann, Ulrich"]
[Result "1/2-1/2"]
[WhiteElo "1640"]
[BlackElo "1825"]
[PlyCount "54"]
[EventDate "2000.04.24"]
[EventType "swiss"]
[EventRounds "9"]
[EventCountry "GER"]
[SourceTitle "EXT 2015"]
[Source "ChessBase"]
[SourceDate "2014.11.20"]
[SourceVersion "1"]
[SourceVersionDate "2014.11.20"]
[SourceQuality "1"]

1. Nf3 d5 2. d4 Nf6 3. e3 e6 4. c4 c6 5. Nc3 Be7 6. Bd3 0-0 7. 0-0 Nbd7 8. b3 dxc4 9. bxc4 c5 10. Bb2 cxd4 11. exd4 b6 12. Ne4 Bb7 13. Re1 Rc8 14. Rc1 Ba6 15. Qa4 Nb8 16. Bb1 Ne8 17. Red1 Qc7 18. c5 Be2 19. cxb6 Qxb6 20. Rxc8 Bxd1 21. Qxd1 Qxb2 22. Qc2 Qxc2 23. Bxc2 Nd6 24. Nxd6 Bxd6 25. Rxf8+ Bxf8 26. Bb3 Nc6 27. d5 exd5 1/2-1/2

[Event "Unterfranken-ch HA 48th"]
[Site "Bergrheinfeld"]
[Date "1997.??.??"]
[Round "6"]
[White "Klueber, Werner"]
[Black "Oster, Stefan"]
[Result "1/2-1/2"]
[WhiteElo "1805"]
[BlackElo "1628"]
[PlyCount "65"]
[EventDate "1997.03.31"]
[EventType "swiss"]
[EventRounds "9"]
[EventCountry "GER"]
[SourceTitle "EXT 2015"]
[Source "ChessBase"]
[SourceDate "2014.11.20"]
[SourceVersion "1"]
[SourceVersionDate "2014.11.20"]
[SourceQuality "1"]

1. d4 e6 2. c4 f5 3. g3 Nf6 4. Bg2 Be7 5. Nc3 0-0 6. Nh3 Qe8 7. 0-0 a6 8. e4 fxe4 9. Nxe4 Nc6 10. Nxf6+ Bxf6 11. d5 Nd4 12. Bg5 e5 13. Bxf6 Rxf6 14. Re1 d6 15. Qxd4 Bxh3 16. Qe3 Bxg2 17. Kxg2 Qf7 18. Rf1 b6 19. f3 Re8 20. Rae1 Rf8 21. Rf2 Qh5 22. h4 Rg6 23. Rh1 Qf5 24. Rg1 Qf4 25. Qxf4 Rxf4 26. h5 Rg5 27. b3 Rf7 28. g4 h6 29. Kg3 Rf4 30. Re1 g6 31. hxg6 Rxg6 32. Rh2 Kg7 33. Re4 1/2-1/2

[Event "Unterfranken-ch HA 48th"]
[Site "Bergrheinfeld"]
[Date "1997.??.??"]
[Round "8"]
[White "Ruefner, Achim"]
[Black "Oster, Stefan"]
[Result "1-0"]
[WhiteElo "1690"]
[BlackElo "1628"]
[PlyCount "53"]
[EventDate "1997.03.31"]
[EventType "swiss"]
[EventRounds "9"]
[EventCountry "GER"]
[SourceTitle "EXT 2015"]
[Source "ChessBase"]
[SourceDate "2014.11.20"]
[SourceVersion "1"]
[SourceVersionDate "2014.11.20"]
[SourceQuality "1"]

1. d4 e6 2. Nf3 d5 3. c3 Nf6 4. Bg5 Be7 5. e3 Nbd7 6. Bd3 c5 7. Nbd2 a6 8. a4 cxd4 9. cxd4 0-0 10. Qc2 h6 11. Bh4 Bd6 12. Rc1 Qe7 13. 0-0 g5 14. Bg3 Nh5 15. Bxd6 Qxd6 16. a5 Ng7 17. e4 dxe4 18. Nxe4 Qe7 19. Qc7 Ne8 20. Qg3 f5 21. Nc5 Qd6 22. Qxd6 Nxd6 23. Nxe6 Rf6 24. Nc7 Rb8 25. Nd5 Rf8 26. Rc7 Ne8 27. Rxc8 1-0